000 01625nam a22005177a 4500
008 131011b xxu||||| |||| 00| 0 ger d
020 _a3611003360
041 0 _ager
080 _a03
100 _a
245 _aHarenberg Kompaktlexikon
_cPeter Bayerlein ; Johannes Becher ; Brigitte Beier... etj.
260 _aDortmund :
_bHarenberg Lexikon Verlag,
_c1994
300 _a[3] vëllime :
_bme il. ;
_c19 cm.
500 _a Hinweise für den Benutzer =[Udhëzime për përdoruesit] : f. 5-6
500 _aAbkürzungsverzeichnis = [Lista e shkurtesave] : f. 7-8
505 _gVëllimi 1 : A-Dn
_gVëllimi 2 : Do-Hus
_gVëllimi 3 : Hut-Mek
650 _aEnciklopeditë
650 _aLeksikonet
700 _aBayerlein, Peter
700 _aBecher, Johannes
700 _a Beier, Brigitte
700 _a Blum, Wolfang Dr.
700 _aBörnsen-Holtmann, Nina Dr
700 _aBrocks, Manfred
700 _aEschenhagen, Wieland
700 _aEser-Gremmel, Constanze
700 _aEsser, Brigitte
700 _aFries, Ursula Dr.
700 _aGehlhoff, Beatrix
700 _aInnich, Egon
700 _aIntemann, Gabriele
700 _aKöhler, Jutta Dr.
700 _aMiklin, Richard Dr.
700 _aMüller, Ingo Dr.
700 _aNiedergesäß, Siggi
700 _aPatzer, Georg
700 _aPeter, Roland Dr.
700 _aRegler, Juliane
700 _aReuter, Ingrid
700 _aSchmitt, Michael Dr.
700 _aSchütt, Christian
700 _aStehr, Rainer
700 _aVenhoff, Michael
700 _aWember, Carsten
942 _2udc
_cBK
999 _c113
_d113